00957cam a2200301 i 450000100090000000300040000900500170001300800410003001000170007102000240008803500130011204000280012504200080015305000240016108200160018510000240020124000490022524500710027426400560034530000400040133600260044133700280046733800270049550400570052263000310057970000260061070000190063617757098OSt20260316093737.0130530s2013 orua b 000 0 eng  a 2013015293 a9780736953436qpbk. a17757098 aDLCbengcDLCerdadDLC apcc00aBS600.3b.A785 201300a220.0712231 aArthur, Kay,d1933-10aHow to study your Bible precept upon precept10aHow to study your Bible /cKay Arthur, David Arthur, Pete De Lacy. 1aEugene, Oregon :bHarvest House Publishers,c[2013] a194 pages :billustrations ;c22 cm atextbtxt2rdacontent aunmediatedbn2rdamedia avolumebnc2rdacarrier aIncludes bibliographical references (pages 193-194).00aBiblexStudy and teaching.1 aArthur, David,d1967-1 aDe Lacy, Pete.